[Event "FIDE WCCC Open-08 2024"]
[Site "Montesilvano"]
[Date "2024.11.24"]
[Round "9.32"]
[White "Lau, Great Boyou"]
[Black "Cherem, Yoseph"]
[Result "0-1"]
[WhiteElo "1514"]
[BlackElo "1634"]
[Annotator "NA RC"]
[PlyCount "136"]
[EventDate "2024.11.18"]
[EventType "swiss"]
[EventCountry "ITA"]
[SourceTitle "playchess.com"]
[Source "ChessBase"]
[SourceQuality "1"]

1. e4 c6 2. Nf3 d5 3. exd5 cxd5 4. Ne5 e6 5. d4 Nc6 6. Bb5 Qc7 7. Bf4 Bd6 8. Nc3 Nf6 9. Nxc6 bxc6 10. Bxd6 Qxd6 11. Be2 Rb8 12. Rb1 O-O 13. O-O Re8 14. Qd2 Bd7 15. Rfe1 e5 16. dxe5 Rxe5 17. Bf3 Rbe8 18. Kf1 Bg4 19. Bxg4 Nxg4 20. h3 Nh6 21. Rxe5 Rxe5 22. Re1 f6 23. Kg1 Nf7 24. f4 Rxe1+ 25. Qxe1 Kf8 26. Qf2 c5 27. b3 d4 28. Nb5 Qc6 29. a4 Nd6 30. Qf3 Qxf3 31. gxf3 Nxb5 32. axb5 Ke7 33. Kf2 Kd6 34. Ke2 g6 35. Kd3 Kc7 36. Kc4 Kd6 37. b4 cxb4 38. Kxb4 Kd5 39. f5 gxf5 40. Ka5 Kc4 41. f4 Kc3 42. Ka6 Kxc2 43. Kxa7 d3 44. b6 d2 45. b7 d1=Q 46. b8=Q Qa1+ 47. Kb7 Qb2+ 48. Kc7 Qxb8+ 49. Kxb8 Kd3 50. Kc7 Ke3 51. Kd6 Kxf4 52. Ke6 Ke4 53. Kxf6 f4 54. h4 h5 55. Kg6 f3 56. Kxh5 f2 57. Kg6 f1=Q 58. h5 Qf8 59. Kh7 Kf5 60. h6 Kf4 61. Kg6 Qh8 62. h7 Kg4 63. Kf7 Qxh7+ 64. Ke8 Kf5 65. Kd8 Ke6 66. Kc8 Kd6 67. Kb8 Kc6 68. Ka8 Qb7# 0-1

[Event "FIDE WCCC Open-08 2024"]
[Site "Montesilvano"]
[Date "2024.11.24"]
[Round "9.33"]
[White "Lee, David J"]
[Black "Khantulga, Tuvshinbayar"]
[Result "1-0"]
[WhiteElo "1446"]
[BlackElo "1611"]
[Annotator "NA RC"]
[PlyCount "43"]
[EventDate "2024.11.18"]
[EventType "swiss"]
[EventCountry "ITA"]
[SourceTitle "playchess.com"]
[Source "ChessBase"]
[SourceQuality "1"]

1. e4 e5 2. Nc3 Nf6 3. f4 d5 4. fxe5 Nxe4 5. Qf3 f5 6. d4 Nxc3 7. bxc3 Be6 8. Bd3 Qd7 9. Ne2 Be7 10. O-O g6 11. Rb1 c6 12. Nf4 b6 13. Bd2 O-O 14. Qg3 Kg7 15. Qh3 Rf7 16. Rbe1 c5 17. Re3 Bg5 18. Bb5 Nc6 19. Rg3 Bxf4 20. Bxf4 h5 21. Qxh5 Rh8 22. Rxg6+ 1-0

[Event "FIDE WCCC Open-08 2024"]
[Site "Montesilvano"]
[Date "2024.11.24"]
[Round "9.34"]
[White "Lee, Yoonjae A"]
[Black "Shroff, Dhairya Amit"]
[Result "1/2-1/2"]
[WhiteElo "1546"]
[BlackElo "1444"]
[Annotator "NA RC"]
[PlyCount "59"]
[EventDate "2024.11.18"]
[EventType "swiss"]
[EventCountry "ITA"]
[SourceTitle "playchess.com"]
[Source "ChessBase"]
[SourceQuality "1"]

1. e4 e6 2. d4 d5 3. Bd3 dxe4 4. Bxe4 Nf6 5. Bf3 c5 6. Ne2 Nc6 7. Be3 cxd4 8. Nxd4 Nxd4 9. Qxd4 Bd6 10. Nc3 O-O 11. O-O e5 12. Qd2 Qe7 13. Bg5 Bf5 14. Nd5 Qe6 15. Nxf6+ gxf6 16. Bh6 Rfd8 17. Bxb7 Rab8 18. Bd5 Qd7 19. Qc3 Bg6 20. Bb3 Rbc8 21. Qf3 Qe7 22. Rac1 e4 23. Qg4 Qe5 24. g3 Qxb2 25. Rfd1 Qc3 26. Be6 Rc5 27. Bb3 Rcc8 28. Be6 Rc5 29. Bb3 Rcc8 30. Be6 1/2-1/2

[Event "FIDE WCCC Open-08 2024"]
[Site "Montesilvano"]
[Date "2024.11.24"]
[Round "9.35"]
[White "Sivan, Leeor"]
[Black "Xin, Andrew M."]
[Result "1-0"]
[WhiteElo "1464"]
[BlackElo "1546"]
[Annotator "NA RC"]
[PlyCount "63"]
[EventDate "2024.11.18"]
[EventType "swiss"]
[EventCountry "ITA"]
[SourceTitle "playchess.com"]
[Source "ChessBase"]
[SourceQuality "1"]

1. c4 c6 2. Nf3 d5 3. e3 Nf6 4. b3 Bg4 5. Bb2 e6 6. h3 Bh5 7. Be2 Bd6 8. O-O Nbd7 9. Nc3 O-O 10. d4 e5 11. Nxe5 Bxe2 12. Nxe2 Qc7 13. Nxd7 Nxd7 14. c5 Be7 15. Ng3 g6 16. e4 Bh4 17. exd5 Bxg3 18. fxg3 Qxg3 19. dxc6 bxc6 20. Kh1 Rad8 21. d5 Ne5 22. d6 Nd3 23. Bd4 Rfe8 24. Rf3 Re1+ 25. Qxe1 Qxe1+ 26. Rxe1 Nxe1 27. Re3 Nc2 28. Bf6 Rb8 29. Re2 Nb4 30. d7 Nd5 31. Re8+ Rxe8 32. dxe8=Q# 1-0

[Event "FIDE WCCC Open-08 2024"]
[Site "Montesilvano"]
[Date "2024.11.24"]
[Round "9.36"]
[White "Zhanabayev, Arystan"]
[Black "Glod, Peter"]
[Result "1-0"]
[WhiteElo "1524"]
[BlackElo "1409"]
[Annotator "NA RC"]
[PlyCount "57"]
[EventDate "2024.11.18"]
[EventType "swiss"]
[EventCountry "ITA"]
[SourceTitle "playchess.com"]
[Source "ChessBase"]
[SourceQuality "1"]

1. e4 e5 2. Nf3 Nc6 3. Nc3 Nf6 4. Bb5 Bc5 5. Nxe5 Nxe5 6. d4 Bb4 7. dxe5 Nxe4 8. Qg4 Nxc3 9. Qxb4 Nxb5 10. Qxb5 O-O 11. O-O Re8 12. Bf4 Re6 13. Qd3 Qh4 14. Bg3 Qb4 15. b3 Qc5 16. Rad1 Qa5 17. f4 Qc5+ 18. Kh1 d6 19. f5 Rh6 20. exd6 cxd6 21. Bxd6 Qc6 22. Bf4 f6 23. Qd8+ Kf7 24. Bxh6 gxh6 25. Rfe1 Bxf5 26. Qxa8 Bh3 27. Qe8+ Qxe8 28. Rxe8 Kxe8 29. gxh3 1-0

[Event "FIDE WCCC Open-08 2024"]
[Site "Montesilvano"]
[Date "2024.11.24"]
[Round "9.37"]
[White "Kuncoro, Leo"]
[Black "Chanishvili, Noa"]
[Result "1-0"]
[WhiteElo "1726"]
[BlackElo "1553"]
[Annotator "NA RC"]
[PlyCount "79"]
[EventDate "2024.11.18"]
[EventType "swiss"]
[EventCountry "ITA"]
[SourceTitle "playchess.com"]
[Source "ChessBase"]
[SourceQuality "1"]

1. e4 e5 2. Nf3 Nc6 3. Bc4 Nf6 4. Ng5 d5 5. exd5 Na5 6. Bb5+ c6 7. dxc6 bxc6 8. Qf3 Rb8 9. Bd3 Be7 10. Nc3 O-O 11. Bf5 Bb7 12. d3 h6 13. Nge4 Nd5 14. Qg3 Nxc3 15. bxc3 Bd6 16. Bxh6 g6 17. Bxg6 Kh8 18. Bg5 fxg6 19. Qh4+ Kg8 20. Bxd8 Rbxd8 21. Nxd6 Rxd6 22. Qb4 Rdf6 23. f3 Rf5 24. Qxa5 e4 25. Qxa7 exf3 26. gxf3 Ba8 27. Rg1 g5 28. Qe7 R8f6 29. Qe8+ Rf8 30. Qg6+ Kh8 31. Rxg5 Rxg5 32. Qxg5 c5 33. Qxc5 Rg8 34. O-O-O Bxf3 35. Qe5+ Kh7 36. Qf5+ Rg6 37. Rg1 Bg2 38. Rxg2 Kh8 39. Rxg6 Kh7 40. Qh5# 1-0

[Event "FIDE WCCC Open-08 2024"]
[Site "Montesilvano"]
[Date "2024.11.24"]
[Round "9.38"]
[White "Arsenijevic, Matija"]
[Black "Kim, Rian B"]
[Result "1/2-1/2"]
[WhiteElo "1700"]
[BlackElo "1452"]
[Annotator "NA RC"]
[PlyCount "32"]
[EventDate "2024.11.18"]
[EventType "swiss"]
[EventCountry "ITA"]
[SourceTitle "playchess.com"]
[Source "ChessBase"]
[SourceQuality "1"]

1. d4 d5 2. c4 e6 3. Nc3 c6 4. Bf4 dxc4 5. a4 Nf6 6. e4 Bb4 7. Bxc4 Nxe4 8. Qd3 Nxc3 9. bxc3 Bd6 10. Bxd6 Qxd6 11. Nf3 O-O 12. O-O Nd7 13. Rfe1 Nf6 14. Ng5 h6 15. Ne4 Qd8 16. Qf3 Nd5 1/2-1/2

[Event "FIDE WCCC Open-08 2024"]
[Site "Montesilvano"]
[Date "2024.11.24"]
[Round "9.39"]
[White "Bisetto, Alessandro Federico"]
[Black "Ameen Akbar T A"]
[Result "0-1"]
[WhiteElo "1671"]
[BlackElo "1579"]
[Annotator "NA RC"]
[PlyCount "60"]
[EventDate "2024.11.18"]
[EventType "swiss"]
[EventCountry "ITA"]
[SourceTitle "playchess.com"]
[Source "ChessBase"]
[SourceQuality "1"]

1. e4 c5 2. Nf3 e6 3. d4 cxd4 4. Nxd4 Nf6 5. Nc3 Nc6 6. Ndb5 Bb4 7. Nd6+ Ke7 8. Bf4 e5 9. Nf5+ Kf8 10. Bg5 h6 11. Bxf6 Qxf6 12. a3 g6 13. Ne3 Bc5 14. Ncd5 Qh4 15. b4 Bxe3 16. Nxe3 Qxe4 17. b5 Ne7 18. Bd3 Qd4 19. O-O d5 20. Rb1 Be6 21. Rb4 Qb6 22. Re1 Kg7 23. c4 d4 24. Ng4 Bxg4 25. Qxg4 f5 26. Qg3 e4 27. Qe5+ Kf7 28. f3 e3 29. c5 Qa5 30. Rxd4 Qxe1+ 0-1

[Event "FIDE WCCC Open-08 2024"]
[Site "Montesilvano"]
[Date "2024.11.24"]
[Round "9.40"]
[White "Smilga, Olivers"]
[Black "Schimming, Wilhelm"]
[Result "0-1"]
[WhiteElo "1439"]
[BlackElo "1628"]
[Annotator "NA RC"]
[PlyCount "52"]
[EventDate "2024.11.18"]
[EventType "swiss"]
[EventCountry "ITA"]
[SourceTitle "playchess.com"]
[Source "ChessBase"]
[SourceQuality "1"]

1. e4 c5 2. Nf3 a6 3. d4 cxd4 4. Nxd4 Nf6 5. Nc3 e5 6. Nde2 Bc5 7. Bg5 Qb6 8. Bh4 Ng4 9. Nd4 Bxd4 10. Qxg4 Qxb2 11. Rb1 Qxc3+ 12. Kd1 g6 13. Qg5 Nc6 14. Rb3 Qa5 15. Bc4 Qd8 16. Qh6 Ne7 17. Rf3 d5 18. Bxd5 Bg4 19. Bxf7+ Kd7 20. Bf6 Bxf3+ 21. gxf3 Qf8 22. Qh3+ Kc7 23. Bxh8 Qxf7 24. f4 Rxh8 25. fxe5 Bxe5 26. f4 Rd8+ 0-1

[Event "FIDE WCCC Open-08 2024"]
[Site "Montesilvano"]
[Date "2024.11.24"]
[Round "9.43"]
[White "Dzelnik, Robert"]
[Black "Cronje, Frederick"]
[Result "1-0"]
[WhiteElo "1822"]
[BlackElo "1434"]
[Annotator "NA RC"]
[PlyCount "61"]
[EventDate "2024.11.18"]
[EventType "swiss"]
[EventCountry "ITA"]
[SourceTitle "playchess.com"]
[Source "ChessBase"]
[SourceQuality "1"]

1. e4 e6 2. d4 d5 3. Nc3 Nf6 4. e5 Nfd7 5. f4 c5 6. Nf3 Qb6 7. Ne2 Nc6 8. b3 f6 9. Bb2 c4 10. Ng3 Nd8 11. Be2 Nf7 12. O-O fxe5 13. fxe5 Nfxe5 14. Nxe5 Nxe5 15. Kh1 Nf7 16. Bh5 g6 17. Qf3 Qc7 18. Bg4 Bg7 19. Ba3 Ng5 20. Qf2 Qf7 21. Qe3 Bf6 22. Qf4 Bd8 23. Qe5 Qg8 24. Rf8+ Qxf8 25. Bxf8 Rxf8 26. Re1 Bf6 27. Qxd5 Kf7 28. Qxc4 Bd7 29. h4 Rac8 30. Qe2 Bxd4 31. hxg5 1-0

[Event "FIDE WCCC Open-08 2024"]
[Site "Montesilvano"]
[Date "2024.11.24"]
[Round "9.44"]
[White "Senthilkumar, Tharveen"]
[Black "Juzbasic, Marul"]
[Result "0-1"]
[WhiteElo "1411"]
[BlackElo "1726"]
[Annotator "NA RC"]
[PlyCount "57"]
[EventDate "2024.11.18"]
[EventType "swiss"]
[EventCountry "ITA"]
[SourceTitle "playchess.com"]
[Source "ChessBase"]
[SourceQuality "1"]

1. e4 e5 2. Nf3 Nc6 3. Bc4 Bc5 4. c3 Nf6 5. d4 exd4 6. cxd4 Bb4+ 7. Nc3 O-O 8. e5 Ne4 9. Bd2 Bxc3 10. Bxc3 d5 11. Bd3 Bf5 12. O-O Ne7 13. Nh4 Bg6 14. Nxg6 fxg6 15. Qe2 Ng5 16. Qg4 Nf5 17. Rfe1 Nh6 18. Qe2 a5 19. Bd2 Ne6 20. Bxh6 gxh6 21. Qe3 Kg7 22. Rac1 c6 23. Be2 Nf4 24. Bf3 Qe7 25. a3 Rf7 26. Rcd1 Raf8 27. Rd2 Qe6 28. Bd1 h5 29. Rf1 0-1

[Event "FIDE WCCC Open-08 2024"]
[Site "Montesilvano"]
[Date "2024.11.24"]
[Round "9.46"]
[White "Kortmann, Pedro Reck"]
[Black "Kuncoro, Harvey"]
[Result "1/2-1/2"]
[WhiteElo "1630"]
[BlackElo "1432"]
[Annotator "NA RC"]
[PlyCount "70"]
[EventDate "2024.11.18"]
[EventType "swiss"]
[EventCountry "ITA"]
[SourceTitle "playchess.com"]
[Source "ChessBase"]
[SourceQuality "1"]

1. e4 c5 2. c3 d5 3. exd5 Qxd5 4. d4 Nc6 5. Nf3 Bg4 6. Be2 cxd4 7. cxd4 e6 8. Nc3 Qa5 9. O-O Nf6 10. Re1 Bb4 11. Bd2 Bxf3 12. Bxf3 Nxd4 13. Bxb7 Rb8 14. Bf3 O-O 15. a3 Bxc3 16. Bxc3 Nxf3+ 17. Qxf3 Qh5 18. Qxh5 Nxh5 19. Re5 Nf6 20. Ra5 Rb7 21. Rd1 Nd5 22. Bd4 Nb6 23. Bxb6 Rxb6 24. Rxa7 Rxb2 25. a4 h5 26. a5 Rfb8 27. h3 R2b7 28. Ra6 Rb1 29. Rad6 Rxd1+ 30. Rxd1 Ra8 31. Ra1 Ra6 32. Kh2 g5 33. Kg3 e5 34. Kf3 f5 35. g4 fxg4+ 1/2-1/2

[Event "FIDE WCCC Open-08 2024"]
[Site "Montesilvano"]
[Date "2024.11.24"]
[Round "9.48"]
[White "Bakirli, Matin"]
[Black "Katsarski, Yan"]
[Result "1-0"]
[WhiteElo "1578"]
[BlackElo "1418"]
[Annotator "NA RC"]
[PlyCount "89"]
[EventDate "2024.11.18"]
[EventType "swiss"]
[EventCountry "ITA"]
[SourceTitle "playchess.com"]
[Source "ChessBase"]
[SourceQuality "1"]

1. e4 e5 2. Nf3 Nc6 3. Bc4 Nf6 4. d4 exd4 5. O-O Nxe4 6. Re1 d5 7. Bxd5 Qxd5 8. Nc3 Qh5 9. Nxe4 Be6 10. Bg5 h6 11. Bf6 Qf5 12. Nxd4 Nxd4 13. Qxd4 Qd5 14. Bxg7 Bxg7 15. Nf6+ Bxf6 16. Qxd5 Rd8 17. Qxb7 Kf8 18. Qf3 Ke7 19. Qa3+ Ke8 20. f4 Rg8 21. f5 Be7 22. Qe3 Rd5 23. Qf3 Rxf5 24. Qa8+ Kd7 25. Rad1+ Bd6 26. Qxg8 Rg5 27. Qa8 Rc5 28. Rxe6 fxe6 29. Rf1 Rxc2 30. Rf7+ Be7 31. Qf8 Rc1+ 32. Kf2 Rc2+ 33. Ke1 Rxg2 34. Qxe7+ Kc6 35. Qxc7+ Kb5 36. Qb7+ Kc5 37. Qxg2 a6 38. Rc7+ Kd6 39. Qc6+ Ke5 40. Re7 a5 41. Qxe6+ Kd4 42. Qe5+ Kc4 43. Rc7+ Kb4 44. Qc5+ Ka4 45. b3# 1-0

[Event "FIDE WCCC Open-08 2024"]
[Site "Montesilvano"]
[Date "2024.11.24"]
[Round "9.49"]
[White "Hakobyan, Sos"]
[Black "Kiss, Lorinc Istvan"]
[Result "0-1"]
[WhiteElo "1806"]
[BlackElo "1501"]
[Annotator "NA RC"]
[PlyCount "96"]
[EventDate "2024.11.18"]
[EventType "swiss"]
[EventCountry "ITA"]
[SourceTitle "playchess.com"]
[Source "ChessBase"]
[SourceQuality "1"]

1. d4 d5 2. c4 e6 3. Nc3 Nf6 4. Bg5 Be7 5. Nf3 Nbd7 6. cxd5 exd5 7. e3 Nf8 8. h3 Ne6 9. Bh4 g6 10. Bd3 O-O 11. O-O Ng7 12. Rb1 Bd7 13. Bxf6 Bxf6 14. Nxd5 b6 15. Nxf6+ Qxf6 16. Ne5 Be6 17. a3 c5 18. Qf3 Qg5 19. Be4 Rad8 20. Nc6 Rd7 21. dxc5 f5 22. Bc2 Bd5 23. Qg3 Qxg3 24. fxg3 Bxc6 25. Bb3+ Kh8 26. cxb6 axb6 27. Rbc1 Be4 28. Rfd1 Rxd1+ 29. Rxd1 h6 30. Rd6 Kh7 31. Rxb6 Rd8 32. Bf7 g5 33. Bg6+ Kh8 34. b4 Ne8 35. Bxe8 Rxe8 36. Rxh6+ Kg7 37. Rd6 Rc8 38. Rd2 Rc3 39. Kf2 Rxa3 40. Rb2 Ra1 41. b5 Bd3 42. g4 f4 43. g3 Rf1+ 44. Kg2 fxe3 45. b6 e2 46. b7 e1=Q 47. b8=Q Qe4+ 48. Kh2 Rh1# 0-1

[Event "FIDE WCCC Open-08 2024"]
[Site "Montesilvano"]
[Date "2024.11.24"]
[Round "9.50"]
[White "Thomas, Robert K"]
[Black "Ramirez Mejia, Jose Gregorio"]
[Result "1-0"]
[WhiteElo "2166"]
[BlackElo "1489"]
[Annotator "RC"]
[PlyCount "35"]
[EventDate "2024.11.18"]
[EventType "swiss"]
[EventCountry "ITA"]
[SourceTitle "playchess.com"]
[Source "ChessBase"]
[SourceQuality "1"]

1. e4 e5 2. Nf3 Nc6 3. d4 exd4 4. Nxd4 Nf6 5. Nc3 Bc5 6. Nb3 Bb6 7. Qe2 O-O 8. Bg5 Re8 9. O-O-O d6 10. f3 Bd7 11. g4 a5 12. h4 h6 13. a3 hxg5 14. hxg5 Nxg4 15. fxg4 Qxg5+ 16. Kb1 Bxg4 17. Qh2 Bxd1 18. Qh8# 1-0

[Event "FIDE WCCC Open-08 2024"]
[Site "Montesilvano"]
[Date "2024.11.24"]
[Round "9.53"]
[White "Sverrisson, Dagur"]
[Black "Huang, Joshua Kai-En"]
[Result "1-0"]
[WhiteElo "1449"]
[BlackElo "1424"]
[Annotator "NA RC"]
[PlyCount "51"]
[EventDate "2024.11.18"]
[EventType "swiss"]
[EventCountry "ITA"]
[SourceTitle "playchess.com"]
[Source "ChessBase"]
[SourceQuality "1"]

1. e4 c5 2. Nc3 Nc6 3. f4 e6 4. d3 d5 5. e5 f6 6. Nf3 d4 7. Ne4 f5 8. Ng3 Nge7 9. Be2 Ng6 10. O-O b6 11. Ng5 h6 12. Bh5 Nce7 13. Nh3 Bb7 14. Bxg6+ Nxg6 15. Qh5 Kf7 16. Nxf5 exf5 17. Qxf5+ Kg8 18. Qxg6 Qd5 19. f5 Qxe5 20. f6 Rh7 21. f7+ Kh8 22. Bf4 Qf6 23. Qh5 g6 24. Be5 gxh5 25. Rxf6 Rg7 26. Rxh6# 1-0